| 000 | 00681nam a22002297a 4500 | ||
|---|---|---|---|
| 999 |
_c870 _d870 |
||
| 001 | 870 | ||
| 003 | BD-JhCC | ||
| 005 | 20171010204706.0 | ||
| 008 | 171010s2010 bg ao||| |||| 000 0 ben d | ||
| 020 | _a9847029700291 | ||
| 035 | _a(BD-JhCC)870 | ||
| 040 |
_aBD-JhCC _dBD-JhCC |
||
| 041 | _aben | ||
| 082 |
_a891.443 _bMAM 2010 |
||
| 100 | _aমামুন, মুনতাসীর | ||
| 245 |
_aকিশোর সমগ্র / _cমামুন মুনতাসীর |
||
| 260 |
_aঢাকা: _bসুবর্ণ, _c২০১০. |
||
| 300 |
_a180 পৃ.: _bill. ; _c22 সেমি. |
||
| 650 | _aBangali Novel | ||
| 942 |
_2ddc _cBK |
||